1970 1752 1279 1920 1452 1215 1615 1063 1643 1763 1271 1812 1524 1377 1058 1767 1125 1290 1898 1022 1780 1662 1555 1213 1527 1465 1702 1129 1697 1644 1481 1783 1930 1012 1282 1176 1271 1457 1563 1023 1647 1888 1767 1574 1523 1217 1629 1611 1073 1385 1657 1416 1399 1755 1544 1050 1267 1539 1956 1497 1331 1483 1715 1519 1718 1143 1465 1303 1433 1825 1836 1167 1814 1136 1820 1247 1348 1110 1825 1852 1533 1917 1555 1863 1277 1965 1563 1215 1838 1145 1986 1809 1123 1398 1548 1490 1246 1080 1626 BCNSPRNW ULIB Ver.6.0+V

เปลี่ยนเป็นภาษาไทย

Change to English
 แสดงรายละเอียดบรรณานุกรม
  กลับหน้าหลัก

Brief Record : Get Marc (ISO 2709) : E-mail record : QR code < ปิดหน้าต่าง
LEADER : 00000nam 2200000uu 4500
001    13399124624
003     ULIB
008    151030s2556||||th 000 0 tha d
020    ^a9786162831843
050  4 ^aBQ946^bจ131
245 00 ^aจดหมายเหตุงานฉลองพระชันษา 100 ปี สมเด็จพระญาณสังวร สมเด็จพระสังฆราช สกลมหาสังฆปริณายก /^cสำนักหอจดหมายเหตุแห่งชาติ คณะกรรมการฝ่ายจัดทำจดหมายเหตุ
250    ^aพิมพ์ครั้งที่ 1.
260    ^aกรุงเทพฯ :^bอมรินทร์พริ้นติ้งแอนด์พับลอชชิ่ง ,^c2556.
300    ^a288 หน้า :^bภาพประกอบ ;^c30 ซม. +^eซีดี 1 แผ่น
500    ^aรัฐบาลในพระบาทสมเด็จพระปรมินทรมหาภูมิพลอดุลยเดช จัดพิมพ์ทูลเกล้าฯ ถวายสนองพระกรุณาธิคุณในงานฉลองพระชันษา 100 ปี สมเด็จพระญาณสังวร สมเด็จพระสังฆราช สกลมหาสังฆปรินายก 3 ตุลาคม พุทธศักราช 2556.
600 04 ^aญาณสังวร สมเด็จพระสังฆราช สกลมหาสังฆปริณายก,^cสมเด็จพระ,^d2456- ^xชีวประวัติ
600 04 ^aญาณสังวร สมเด็จพระสังฆราช สกลมหาสังฆปริณายก,^cสมเด็จพระ,^d2456-
650  4 ^aสมเด็จพระสังฆราช^xชีวประวัติ
710 2  ^aสำนักหอจดหมายเหตุแห่งชาติ. ^bคณะกรรมการฝ่ายจัดทำจดหมายเหตุ
945    ^p0^l0^i000157
999    ^aเกษร โพธิ์สุวรรณ
รายการนี้ยังไม่มีแท็ก
คุณยังไม่ได้ล็อกอิน คุณสามารถมีกิจกรรมร่วมกับเว็บไซต์ได้ แต่ต้องล็อกอินก่อน ::
  ล็อกอิน

รายการสื่อสารสนเทศ

ลำดับที่ ประเภท เลขเรียก/บาร์โค้ด สถานที่ สถานะ
1. การศึกษาทั่วไป
การศึกษาทั่วไป
BQ946 จ131 ฉ.1 
  Barcode: 000157
ห้องสมุดวิทยาเขตสวรรค์ประชารักษ์
►หนังสือทั่วไป
บนชั้น

BibComment


ยังไม่เคยถูกคอมเมนท์

คอมเมนท์ทรัพยากรรายการนี้
  คอมเมนท์: จดหมายเหตุงานฉลอ..


 Copyright 2026. Bcnsprnw @Library